|
|
|
|
| LEADER |
00646cam a2200169ua 4500 |
| 082 |
|
|
|a M894.812 1
|b SHI/K
|
| 100 |
0 |
|
|a ഷിഹാബുദീൻ പൊയ്ത്തുംകടവ്
|
| 245 |
0 |
0 |
|a കടൽമരുഭുമിയിലെ വീട് /
|
| 250 |
|
|
|a 3rd ed.
|
| 260 |
|
|
|a Kozhikode:
|b Pappiyon,
|c 2004.
|
| 300 |
|
|
|a 78p..
|
| 650 |
|
|
|a Kadal Marubhoomiyile Veedu
|a Malayalam Literature
|
| 650 |
0 |
|
|a Malayalam Poems
|
| 700 |
|
|
|a Shihabuddin Poithumkadavu
|
| 942 |
|
|
|c BK
|
| 999 |
|
|
|c 16856
|d 16856
|
| 952 |
|
|
|0 0
|1 0
|4 0
|6 M_894_812000000000000_1_SHI
|7 0
|9 17584
|a KUCL
|b KUCL
|d 2014-05-23
|l 0
|o M894.812 1 SHI/
|p 15442
|r 2014-05-23
|w 2014-05-23
|y BK
|